MAASAI MARA UNIVERSITY

LIBRARY CATALOGUE

Contact Us: +254 020 2685356/7 or 0774 057787

Box: 861-20500, NAROK, KENYA

Email: info@mmarau.ac.ke

_Evaluation A systematic Approach (4th ed.) Peter H. Rossi (Record no. 7724)

MARC details
000 -LEADER
fixed length control field 00454nam a2200157Ia 4500
008 - FIXED-LENGTH DATA ELEMENTS--GENERAL INFORMATION
fixed length control field 151021s9999 xx 000 0 und d
020 ## - INTERNATIONAL STANDARD BOOK NUMBER
International Standard Book Number 803934890
050 ## - LIBRARY OF CONGRESS CALL NUMBER
Classification number H 62 .R666 1989
245 ## - TITLE STATEMENT
Title _Evaluation A systematic Approach (4th ed.) Peter H. Rossi
260 ## - PUBLICATION, DISTRIBUTION, ETC. (IMPRINT)
Place of publication, distribution, etc. California Sage 1989
300 ## - PHYSICAL DESCRIPTION
Extent 495p,;ill
500 ## - GENERAL NOTE
General note Includes index
650 ## - SUBJECT ADDED ENTRY--TOPICAL TERM
Topical term or geographic name as entry element _Evaluation Research
700 ## - ADDED ENTRY--PERSONAL NAME
Personal name _Howard E. Freeman
980 ## - EQUIVALENCE OR CROSS-REFERENCE-SERIES STATEMENT--PERSONAL NAME/TITLE [LOCAL, CANADA]
Personal name ^d20110711 12:17:39^oanne

No items available.

© 2016 Maasai Mara University.